Môi trường ô nhiễm và hậu quả

Đã lưu trong:
Sonraí Bibleagrafaíochta
Formáid: Leabhar
Teanga:Vietnamese
Foilsithe: Khoa học kỹ thuật 2005
Ábhair:
Clibeanna: Cuir Clib Leis
Gan Chlibeanna, Bí ar an gcéad duine leis an taifead seo a chlibeáil!
Thư viện lưu trữ: Mạng thư viện Đại học Đà Nẵng
LEADER 00976nam a2200301 a 4500
001 000002366
003 00692
005 20171229145311.0
008 171229s2005 vie
040 |a LSK 
041 0 |a VIE 
082 0 |a 363.7  |b NG-T 
245 0 0 |a Môi trường ô nhiễm và hậu quả  |c Nguyễn Thị Thìn, Tuấn Lan 
260 |b Khoa học kỹ thuật  |c 2005 
300 |a 298 pages  |c 20,5 cm. 
653 |a Môi trường 
852 |a Phòng Đọc - Phòng Mượn 
901 |a 30 
927 |a Sách tham khảo 
OWN |a LSK 
AVA |a UDN50  |b LSK  |d 363.7 NG-T  |e check_holdings  |t Error 5003 Not defined in file expand_doc_bib_avail.  |h N  |k 1 
999 |a From the UDN01 
AVA |a UDN50  |b LSK  |d 363.7 NG-T  |e available  |t Error 5001 Not defined in file expand_doc_bib_avail.  |f 30  |g 0  |h N  |i 0  |k 1 
TYP |a Monograph 
TYP |a Printed language 
980 |a Mạng thư viện Đại học Đà Nẵng